| 000 | 01067nam a22003257i 4500 | ||
|---|---|---|---|
| 003 | EG-GICUC | ||
| 005 | 20260121101354.0 | ||
| 008 | 251127b1926 fr ||||fr|||| 00| 0 fre d | ||
| 040 |
_aEG-GiCUC _bfre _cEG-GiCUC _dEG-GiCUC _eRda |
||
| 041 | _afre | ||
| 082 | 0 | 4 |
_221 _a341.23 _bL A . A |
| 092 | 0 | 4 | _221 |
| 099 | _aLaw1 11 341.23 L A . A 1926 | ||
| 100 | 1 |
_aLarnaude, F. _eAuteur |
|
| 245 | 1 | 0 |
_aActes du Congrès / _cJ.-A. Roux and F. Larnaude. |
| 264 | 1 |
_aParis : _bMarchal & Billard, _c1926. |
|
| 300 |
_a285 page ; _c 24 cm. |
||
| 336 |
_2rda contenu _a texte |
||
| 337 |
_2rda medias _aOrdinateur |
||
| 338 |
_2 transporteur rda _a Ressource en ligne |
||
| 490 | _3Premier Congrès de police judiciaire internationale, Monaco, avril 1914 | ||
| 504 | _aRéférences bibliographiques | ||
| 546 | _aTexte en français | ||
| 650 | 1 |
_aCongrès _xDroit international public _2qrmak |
|
| 651 | 1 | _2qrmak | |
| 700 | 1 |
_aRoux, J.‑A. _eAuteur |
|
| 856 | 4 | 0 | _uhttps://fll.law.cu.edu.eg/fulltext/bks/B11-06160.pdf |
| 905 |
_a75 _eYara |
||
| 942 |
_2ddc _cBK _e21 _n0 |
||
| 999 |
_c46616 _d46616 |
||